| 000 | 00564cam a2200145 4500500 | ||
|---|---|---|---|
| 005 | 20260201172344.0 | ||
| 041 | _afre | ||
| 042 | _adc | ||
| 100 | 1 | 0 |
_aKaplanian, Patrick _eauthor |
| 245 | 0 | 0 | _aJean-Claude Schmitt, ed., Ève et Pandora : la création de la première femme, Paris, Gallimard, 2002, 290 p., ill. (« Le temps des images ») |
| 260 | _c2003. | ||
| 500 | _a37 | ||
| 786 | 0 | _nL'Homme | 167-168 | 3 | 2003-11-01 | p. 319zc-399zc | 0439-4216 | |
| 856 | 4 | 1 | _uhttps://shs.cairn.info/revue-l-homme-2003-3-page-319zc?lang=fr&redirect-ssocas=7080 |
| 999 |
_c1643368 _d1643368 |
||